[Event "TopJP2GB,Bischwiller-Guingamp"]
[Site "?"]
[Date "2009.12.20"]
[Round "5"]
[White "Bellahcene, Bilel"]
[Black "Ginovart, Axel"]
[Result "1-0"]
[WhiteElo "2010"]
[BlackElo "1798"]
[PlyCount "59"]
[EventDate "2009.12.20"]
[SourceDate "2009.12.26"]

1. d4 Nf6 2. c4 g6 3. g3 Bg7 4. Bg2 O-O 5. Nc3 c6 6. e4 d6 7. Nge2 Nbd7 8. O-O
Nb6 9. b3 d5 10. e5 Ne8 11. c5 Nd7 12. f4 e6 13. Be3 Bh8 14. g4 Ng7 15. Ng3 b5
16. Qd2 a5 17. Rf2 Ba6 18. Re1 f5 19. gxf5 exf5 20. Nxd5 cxd5 21. Bxd5+ Rf7 22.
e6 Re7 23. exd7+ Kf8 24. Bxa8 Qxa8 25. d5 Rxd7 26. c6 Rd8 27. Bc5+ Kg8 28. Re7
Ne8 29. Ra7 Qc8 30. Be7 1-0

[Event "TopJP2GB,Bischwiller-Guingamp"]
[Site "?"]
[Date "2009.12.20"]
[Round "5"]
[White "Le Bihan, Alison"]
[Black "Pluvinage, Jérôme"]
[Result "1/2-1/2"]
[WhiteElo "1390"]
[BlackElo "1580"]
[PlyCount "92"]
[EventDate "2009.12.20"]
[SourceDate "2009.12.26"]

1. e4 c5 2. Nc3 Nc6 3. f4 e6 4. Bb5 Nge7 5. Nf3 a6 6. Be2 d5 7. exd5 Nxd5 8.
Nxd5 exd5 9. O-O Bd6 10. Re1 O-O 11. d4 cxd4 12. Nxd4 Bc5 13. c3 Qb6 14. Be3
Re8 15. Qd2 Nxd4 16. Bxd4 Bxd4+ 17. cxd4 Bd7 18. b3 Re4 19. Red1 Qf6 20. Bf3
Rxf4 21. Bxd5 Bg4 22. Rf1 Rxf1+ 23. Rxf1 Qd6 24. Bxf7+ Kh8 25. Qf4 Qxf4 26.
Rxf4 Rf8 27. Rxg4 Rxf7 28. Re4 h6 29. d5 Rd7 30. Rd4 Kg8 31. h4 Kf7 32. Kf2 Kf6
33. Kf3 Ke5 34. Rd1 Rxd5 35. Rxd5+ Kxd5 36. Kg4 Ke5 37. g3 g6 38. Kf3 Kd4 39.
Kf4 a5 40. g4 b5 41. h5 g5+ 42. Kf5 Kd5 43. a3 a4 44. b4 Kd6 45. Ke4 Ke6 46.
Kd4 Kd6 1/2-1/2

[Event "TopJP2GB,Bischwiller-Guingamp"]
[Site "?"]
[Date "2009.12.20"]
[Round "5"]
[White "Schlegel, Nicolas"]
[Black "Le Graet, Gëtan"]
[Result "1-0"]
[WhiteElo "1450"]
[BlackElo "1190"]
[PlyCount "89"]
[EventDate "2009.12.20"]
[SourceDate "2009.12.26"]

1. e4 e5 2. Nf3 Nc6 3. Bc4 Bc5 4. c3 Nf6 5. d4 exd4 6. cxd4 Bb4+ 7. Bd2 Nxe4 8.
Bxb4 Nxb4 9. Bxf7+ Kxf7 10. Qb3+ Ke8 11. Qxb4 Qe7 12. Qxe7+ Kxe7 13. O-O d5 14.
Re1 Bg4 15. Nc3 Bf5 16. Ng5 h6 17. Ngxe4 dxe4 18. Nxe4 Bxe4 19. Rxe4+ Kd8 20.
h3 g5 21. Rc1 Re8 22. Rxe8+ Kxe8 23. Rxc7 b5 24. Rh7 Rd8 25. Rh8+ Kd7 26. Rxd8+
Kxd8 27. Kf1 a5 28. Ke2 a4 29. Kd3 Kc7 30. Kc3 Kb6 31. Kb4 h5 32. d5 g4 33.
hxg4 hxg4 34. f3 g3 35. f4 Kc7 36. Kc5 b4 37. f5 b3 38. axb3 axb3 39. f6 Kd7
40. d6 Ke6 41. Kc6 Kxf6 42. Kc7 Ke6 43. d7 Ke7 44. d8=Q+ Ke6 45. Qd4 1-0

[Event "TopJP2GB,Bischwiller-Guingamp"]
[Site "?"]
[Date "2009.12.20"]
[Round "5"]
[White "Guerin, Juliette"]
[Black "Denizet, Briac"]
[Result "0-1"]
[WhiteElo "1370"]
[BlackElo "1010"]
[PlyCount "52"]
[EventDate "2009.12.20"]
[SourceDate "2009.12.26"]

1. e4 e5 2. d4 Nc6 3. d5 Nd4 4. c3 Nb5 5. Bxb5 c6 6. Be2 Nf6 7. Bg5 Qb6 8. Bxf6
gxf6 9. Nf3 Rg8 10. Nbd2 Rxg2 11. Qc2 Qxf2+ 12. Kd1 Qxe2+ 13. Kc1 Bh6 14. Qd1
Qd3 15. Rg1 Re2 16. Rf1 d6 17. Qc2 Qe3 18. Kd1 Bh3 19. Rg1 Bg2 20. Rxg2 Rxg2
21. b4 Rg1+ 22. Nxg1 Qxg1+ 23. Ke2 Qxa1 24. Qa4 Kd7 25. dxc6+ bxc6 26. Nc4 Rg8
0-1

[Event "TopJP2GB,Bischwiller-Guingamp"]
[Site "?"]
[Date "2009.12.20"]
[Round "5"]
[White "Le Graet, Gaëtan"]
[Black "Guerin, Juliette"]
[Result "0-1"]
[WhiteElo "1190"]
[BlackElo "1370"]
[PlyCount "56"]
[EventDate "2009.12.20"]
[SourceDate "2009.12.26"]

1. e4 e5 2. Nf3 Nc6 3. Bc4 Bc5 4. d4 Nxd4 5. Nxd4 Bxd4 6. Qf3 Nf6 7. O-O d6 8.
Bg5 Bxb2 9. Nc3 Bxa1 10. Rxa1 Bd7 11. Nd5 c6 12. Nxf6+ gxf6 13. Bxf6 Qb6 14.
Bxh8 O-O-O 15. Qxf7 Rxh8 16. Be6 Rd8 17. Bxd7+ Rxd7 18. Qf8+ Rd8 19. Qf5+ Rd7
20. Qf8+ Rd8 21. Qxd6 Rxd6 22. g4 Rd2 23. Rf1 Rxc2 24. h4 Rxa2 25. h5 Qd8 26.
f3 Qh4 27. f4 Qg3+ 28. Kh1 Rh2# 0-1

[Event "TopJP2GB,Bischwiller-Guingamp"]
[Site "?"]
[Date "2009.12.20"]
[Round "5"]
[White "Denizet, Briac"]
[Black "Schlegel, Nicolas"]
[Result "0-1"]
[WhiteElo "1010"]
[BlackElo "1450"]
[PlyCount "36"]
[EventDate "2009.12.20"]
[SourceDate "2009.12.26"]

1. e4 e5 2. Nf3 Nc6 3. Bb5 d6 4. Bxc6+ bxc6 5. O-O Nf6 6. Ng5 Be7 7. Qh5 Nxh5
8. Nc3 Bxg5 9. Re1 O-O 10. g3 Re8 11. h4 Be7 12. d3 Bh3 13. f4 Qd7 14. f5 d5
15. exd5 cxd5 16. Rxe5 Bc5+ 17. Be3 Bxe3+ 18. Rxe3 Rxe3 0-1

[Event "TopJP2GB,Clichy-Sautron"]
[Site "?"]
[Date "2009.12.20"]
[Round "5"]
[White "Lagarde, Maxime"]
[Black "Hallope, Arnaud"]
[Result "1-0"]
[WhiteElo "2393"]
[BlackElo "1853"]
[PlyCount "47"]
[EventDate "2009.12.20"]
[SourceDate "2009.12.26"]

1. e4 c6 2. d4 d5 3. e5 Bf5 4. Nf3 e6 5. a3 c5 6. c4 cxd4 7. Nxd4 Ne7 8. Nc3
Nbc6 9. Nxf5 Nxf5 10. cxd5 exd5 11. Bd3 Nfd4 12. O-O Be7 13. Qg4 Ne6 14. f4
Qb6+ 15. Kh1 O-O-O 16. Qg3 h6 17. b4 g5 18. f5 Nf4 19. f6 Bxb4 20. Bf5+ Kb8 21.
axb4 Qxb4 22. Ba3 Qc4 23. Bd6+ Ka8 24. Rfc1 1-0

[Event "TopJP2GB,Clichy-Sautron"]
[Site "?"]
[Date "2009.12.20"]
[Round "5"]
[White "Barbot, Pierre"]
[Black "Ane, Cédric"]
[Result "1/2-1/2"]
[WhiteElo "2072"]
[BlackElo "2058"]
[PlyCount "91"]
[EventDate "2009.12.20"]
[SourceDate "2009.12.26"]

1. e4 c5 2. Nf3 e6 3. d4 cxd4 4. Nxd4 a6 5. Bd3 Nc6 6. Nxc6 dxc6 7. O-O e5 8.
Be3 Nf6 9. Nd2 Ng4 10. Nc4 b5 11. Nd2 Nxe3 12. fxe3 Bc5 13. Qf3 O-O 14. Nb3 Ba7
15. Qg3 c5 16. Rad1 Qb6 17. c4 Be6 18. Rc1 Rfd8 19. Be2 Rac8 20. Qxe5 Bb8 21.
Qg5 a5 22. cxb5 h6 23. Qh5 a4 24. Na1 Bxa2 25. Nc2 Rd2 26. Na3 Qd6 27. Bc4 Rxb2
28. Qxf7+ Kh8 29. Qh5 Qd2 30. Qf3 Qb4 31. Bxa2 Rxa2 32. Nc4 Qxb5 33. e5 Qe8 34.
Qd5 Rd8 35. Qxc5 Qg6 36. Rf2 Rxf2 37. Kxf2 Qf5+ 38. Kg1 a3 39. Rf1 Qxf1+ 40.
Kxf1 a2 41. Qa3 Rd1+ 42. Ke2 a1=Q 43. Qf8+ Kh7 44. Qf5+ Kg8 45. Qc8+ Kf7 46.
Qxb8 1/2-1/2

[Event "TopJP2GB,Clichy-Sautron"]
[Site "?"]
[Date "2009.12.20"]
[Round "5"]
[White "Kambrath, Yannick"]
[Black "Bapst, Valentin"]
[Result "1/2-1/2"]
[WhiteElo "1890"]
[BlackElo "1778"]
[PlyCount "118"]
[EventDate "2009.12.20"]
[SourceDate "2009.12.26"]

1. d4 Nf6 2. c4 g6 3. Nc3 d5 4. Bf4 Bg7 5. e3 O-O 6. Rc1 c5 7. dxc5 Ne4 8. cxd5
Qa5 9. Nge2 Nxc5 10. Nd4 Rd8 11. Nb3 Nxb3 12. Qxb3 e6 13. dxe6 Bxe6 14. Bc4
Bxc4 15. Qxc4 b5 16. Bc7 Rc8 17. Bxa5 Rxc4 18. Ke2 Nc6 19. Bc7 Bxc3 20. Rxc3
Rxc3 21. bxc3 Rc8 22. Bd6 Na5 23. Be5 Nc4 24. Bf6 Nb2 25. Rb1 Na4 26. Kd2 a6
27. Kc2 Rc6 28. Bd4 f6 29. e4 Kf7 30. f4 Ke6 31. g4 Kf7 32. h4 Ke7 33. f5 gxf5
34. gxf5 Kf7 35. h5 Kg7 36. e5 fxe5 37. Bxe5+ Kf7 38. Bd4 Rc7 39. Rg1 Kf8 40.
h6 Rc6 41. Kd2 Rd6 42. Ke3 Nb2 43. Bc5 Nc4+ 44. Ke2 Ke8 45. Bxd6 Nxd6 46. Rg7
Nxf5 47. Rxh7 Kf8 48. Kd3 Kg8 49. Rg7+ Nxg7 50. hxg7 Kxg7 51. Kd4 Kf6 52. Kc5
Ke5 53. Kb6 Kd5 54. Kxa6 Kc5 55. a3 Kc6 56. Ka5 Kc5 57. a4 bxa4 58. Kxa4 Kc4
59. Ka3 Kxc3 1/2-1/2

[Event "TopJP2GB,Clichy-Sautron"]
[Site "?"]
[Date "2009.12.20"]
[Round "5"]
[White "Le Pen, Steven"]
[Black "Eid, Amine"]
[Result "0-1"]
[WhiteElo "1764"]
[BlackElo "1866"]
[PlyCount "106"]
[EventDate "2009.12.20"]
[SourceDate "2009.12.26"]

1. e4 c5 2. Nf3 g6 3. d4 cxd4 4. Qxd4 Nf6 5. Nc3 Nc6 6. Qa4 d6 7. e5 dxe5 8.
Nxe5 Bd7 9. Nxd7 Qxd7 10. Be2 Bg7 11. Bd2 O-O 12. Rd1 Qc8 13. O-O a6 14. Qh4
Rd8 15. Be3 Qf5 16. Bd3 Qa5 17. Qa4 Qxa4 18. Nxa4 Nd5 19. c3 Nxe3 20. fxe3 Bh6
21. Rfe1 Ne5 22. Bc2 Ng4 23. e4 Be3+ 24. Kf1 Ba7 25. b3 Ne3+ 26. Rxe3 Bxe3 27.
Re1 Ba7 28. Ke2 Rd7 29. Nb2 Rad8 30. Nd3 Rc7 31. Kd2 Rdc8 32. c4 b5 33. Nb2 Bd4
34. Rb1 Bxb2 35. Rxb2 bxc4 36. bxc4 Rxc4 37. Bd3 R4c6 38. Rb7 R8c7 39. Rxc7
Rxc7 40. Bxa6 Ra7 41. Bc4 Ra4 42. Kd3 e6 43. Bb3 Ra3 44. Kc3 Kf8 45. Kb4 Ra8
46. a4 Ke7 47. e5 Kd7 48. a5 Kc6 49. Bd1 Rb8+ 50. Kc4 Kb7 51. Kb5 Ka7+ 52. Ka4
Rb1 53. Bf3 Re1 0-1

[Event "TopJP2GB,Clichy-Sautron"]
[Site "?"]
[Date "2009.12.20"]
[Round "5"]
[White "Terrazzoni, Claire"]
[Black "Ghanem, Yaniss"]
[Result "0-1"]
[WhiteElo "1460"]
[BlackElo "1520"]
[PlyCount "100"]
[EventDate "2009.12.20"]
[SourceDate "2009.12.26"]

1. e4 e5 2. Nf3 d6 3. d4 exd4 4. Nxd4 Nf6 5. Nc3 Be7 6. Be2 O-O 7. O-O Re8 8.
Re1 c6 9. Bf3 Nbd7 10. Nf5 Nc5 11. Nxe7+ Qxe7 12. Qe2 a5 13. Bf4 Ne6 14. Bxd6
Qd7 15. Red1 Ng5 16. Bf4 Nxf3+ 17. Qxf3 Qg4 18. Qxg4 Bxg4 19. f3 Be6 20. Bc7
Re7 21. Rd8+ Re8 22. Rxe8+ Nxe8 23. Bb6 Ra6 24. Bc5 b5 25. b3 f6 26. Rd1 Kf7
27. Ne2 a4 28. Nf4 axb3 29. axb3 Ra2 30. Rd2 Bxb3 31. Ne2 Rxc2 32. Rxc2 Bxc2
33. Nd4 Ba4 34. Nxc6 Nc7 35. Kf2 Ne6 36. Bb4 Nf4 37. Ba3 Ke6 38. g3 Nh3+ 39.
Ke3 Kd7 40. Nd4 g6 41. Kd3 Ng5 42. Kc3 Ne6 43. Nxe6 Kxe6 44. Kd4 f5 45. f4 Bc2
46. e5 Bd1 47. Kc5 Ba4 48. Kc6 b4+ 49. Kc5 bxa3 50. Kb4 a2 0-1

[Event "TopJP2GB,Clichy-Sautron"]
[Site "?"]
[Date "2009.12.20"]
[Round "5"]
[White "Kieffer, Anatole"]
[Black "Trouve, Guillaume"]
[Result "1-0"]
[WhiteElo "1550"]
[BlackElo "1750"]
[PlyCount "77"]
[EventDate "2009.12.20"]
[SourceDate "2009.12.26"]

1. e4 e5 2. Nf3 Nc6 3. Bc4 Bc5 4. c3 Nf6 5. d3 O-O 6. O-O h6 7. Nbd2 d5 8. exd5
Nxd5 9. Ne4 Bb6 10. h3 a6 11. Bb3 Bf5 12. Ng3 Ba7 13. Re1 Nf4 14. Bxf4 exf4 15.
Ne4 Qd7 16. Qd2 Rfd8 17. Rad1 Bxe4 18. Rxe4 Qf5 19. Qxf4 Qc5 20. d4 Qb5 21. Ne5
Nxe5 22. Rxe5 Qc6 23. Re7 Qg6 24. Rde1 a5 25. Qe4 Qxe4 26. R1xe4 g6 27. Rf4 Rf8
28. Rfxf7 Rxf7 29. Rxf7 Kh8 30. Rxc7 Bb8 31. Rxb7 Bf4 32. Be6 Re8 33. d5 Bd6
34. Ra7 Bc5 35. Rxa5 Bb6 36. Rb5 Ba7 37. Rb7 Bc5 38. Rc7 Bb6 39. Rc8 1-0

[Event "TopJP2GB,Clichy-Sautron"]
[Site "?"]
[Date "2009.12.20"]
[Round "5"]
[White "Banat, Rayan"]
[Black "Eugene, Floryan"]
[Result "0-1"]
[WhiteElo "1280"]
[BlackElo "1730"]
[PlyCount "60"]
[EventDate "2009.12.20"]
[SourceDate "2009.12.26"]

1. d4 d5 2. Nf3 Nf6 3. h3 c5 4. Be3 e6 5. Bg5 Nc6 6. c3 b6 7. b3 Bb7 8. e3 Be7
9. Bd3 h6 10. Bh4 O-O 11. Nbd2 Rc8 12. Qe2 Re8 13. e4 cxd4 14. cxd4 Nb4 15. Bb5
Nc2+ 16. Kd1 Nxa1 17. Bxe8 Qxe8 18. e5 Ba3 19. Nb1 Rc1+ 20. Kd2 Rc2+ 21. Kd3
Ba6+ 22. Ke3 Rxe2+ 23. Kf4 g5+ 24. Kg3 gxh4+ 25. Nxh4 Ne4+ 26. Kh2 Qe7 27. g3
Rxf2+ 28. Ng2 Qg5 29. g4 Qf4+ 30. Kg1 Rf1# 0-1

[Event "TopJP2GB,Clichy-Sautron"]
[Site "?"]
[Date "2009.12.20"]
[Round "5"]
[White "Trouve, Guillaume"]
[Black "Banat, Rayan"]
[Result "1-0"]
[WhiteElo "1724"]
[BlackElo "1280"]
[PlyCount "73"]
[EventDate "2009.12.20"]
[SourceDate "2009.12.26"]

1. e4 d5 2. exd5 Qxd5 3. Nc3 Qa5 4. Nf3 Nf6 5. Bc4 Bg4 6. O-O e6 7. a3 c6 8.
Re1 Qc7 9. Qe2 Nbd7 10. d4 Nb6 11. Ba2 Bd6 12. h3 Bh2+ 13. Kh1 Bxf3 14. Qxf3
O-O 15. g3 Bxg3 16. Qxg3 Qxg3 17. fxg3 Rad8 18. Be3 Nh5 19. Kg2 f6 20. Bg1 Kh8
21. Rxe6 f5 22. Re7 Nd5 23. Nxd5 cxd5 24. Rxb7 Rc8 25. c3 Rce8 26. Kf3 f4 27.
g4 Ng3 28. Bh2 Re3+ 29. Kf2 Ne4+ 30. Kg1 f3 31. Rf1 f2+ 32. Kg2 g6 33. Bxd5 Re1
34. Be5+ Nf6 35. Rxf2 a5 36. Rxf6 Rxe5 37. Rxf8# 1-0

[Event "TopJP2GB,Clichy-Sautron"]
[Site "?"]
[Date "2009.12.20"]
[Round "5"]
[White "Eugene, Floryan"]
[Black "Kieffer, Anatole"]
[Result "1/2-1/2"]
[WhiteElo "1730"]
[BlackElo "1550"]
[PlyCount "153"]
[EventDate "2009.12.20"]
[SourceDate "2009.12.26"]

1. e4 e5 2. Nf3 Nc6 3. Bc4 Bc5 4. c3 Nf6 5. d3 O-O 6. O-O d5 7. exd5 Nxd5 8.
Nbd2 Nb6 9. Bb3 Qxd3 10. Bc2 Qd8 11. Qe2 Bd6 12. Ne4 f5 13. Neg5 h6 14. Bb3+
Kh8 15. Nf7+ Rxf7 16. Bxf7 Qf6 17. Bb3 e4 18. Nd2 Qe5 19. f4 Qf6 20. Nc4 Bd7
21. Be3 Rf8 22. Rad1 Nxc4 23. Bxc4 Be8 24. Qf2 Bh5 25. Be2 Bxe2 26. Qxe2 Kg8
27. Qb5 Nd8 28. Bxa7 b6 29. a4 Bc5+ 30. Kh1 Nc6 31. b4 Be7 32. Bxb6 cxb6 33.
Qxb6 Rb8 34. Qe3 Qe6 35. b5 Nd8 36. Ra1 Qc8 37. Rfd1 Bc5 38. Rxd8+ Qxd8 39.
Qxc5 Qd7 40. h3 Rc8 41. Qd4 Qc7 42. Qd5+ Kh8 43. Qxf5 Qxc3 44. Rf1 Qc4 45. Re1
Re8 46. Qg6 Re7 47. Rd1 Qc7 48. b6 Qc8 49. a5 e3 50. Qd6 e2 51. Re1 Qc3 52. b7
Qxe1+ 53. Kh2 Rxb7 54. Qe6 Qf2 55. Qe8+ Kh7 56. Qe4+ g6 57. Qxb7+ Kg8 58. Qd5+
Kf8 59. Qd6+ Kf7 60. Qd5+ Kf6 61. Qe5+ Kf7 62. Qc7+ Ke6 63. Qe5+ Kd7 64. Qd5+
Kc7 65. Qe5+ Kc6 66. Qe6+ Kb5 67. Qd5+ Kb4 68. Qd2+ Kc4 69. Qc2+ Kb5 70. Qb3+
Kxa5 71. Qd5+ Kb6 72. Qb3+ Kc6 73. Qc4+ Kd6 74. Qa6+ Kd5 75. Qb5+ Kd6 76. Qb8+
Kc6 77. Qa8+ 1/2-1/2

[Event "TopJP2GB,Mulhouse-Bois-Colombes"]
[Site "?"]
[Date "2009.12.20"]
[Round "5"]
[White "Netzer, Jacques"]
[Black "Rachid, Daniel"]
[Result "1-0"]
[WhiteElo "2174"]
[BlackElo "1943"]
[PlyCount "75"]
[EventDate "2009.12.20"]
[SourceDate "2009.12.27"]

1. e4 e6 2. d4 d5 3. Nd2 Nf6 4. e5 Nfd7 5. Bd3 c5 6. c3 Nc6 7. Ne2 cxd4 8. cxd4
f6 9. exf6 Nxf6 10. O-O Bd6 11. Nf3 O-O 12. Bf4 Bxf4 13. Nxf4 Ne4 14. Qc1 Ng5
15. Nxg5 Qxg5 16. Bxh7+ Kxh7 17. Nxe6 Qf6 18. Nxf8+ Qxf8 19. Qg5 Bf5 20. Rfe1
Rd8 21. Re3 Rd6 22. Rf3 Rf6 23. Re1 Qf7 24. Rf4 Qg6 25. Qh4+ Kg8 26. Rf3 Be4
27. Rg3 Qf7 28. f3 Nxd4 29. Rh3 Kf8 30. Qh8+ Ke7 31. Rg3 Nf5 32. fxe4 Nxg3 33.
exd5+ Kd7 34. hxg3 Rh6 35. Qb8 Qxd5 36. Qxa7 Ra6 37. Qe3 Re6 38. Qxe6+ 1-0

[Event "TopJP2GB,Mulhouse-Bois-Colombes"]
[Site "?"]
[Date "2009.12.20"]
[Round "5"]
[White "Aflalo, Sophie"]
[Black "Ider, Borya"]
[Result "1-0"]
[WhiteElo "2036"]
[BlackElo "2276"]
[PlyCount "89"]
[EventDate "2009.12.20"]
[SourceDate "2009.12.27"]

1. e4 e6 2. Qe2 Be7 3. g3 d5 4. e5 c5 5. d3 Nc6 6. Bg2 Nd4 7. Qd1 Qc7 8. f4 h5
9. Nf3 Nc6 10. Nbd2 Nh6 11. Nf1 Nf5 12. Ne3 g6 13. Nxf5 exf5 14. h4 Be6 15. c3
d4 16. c4 O-O 17. O-O a6 18. a3 b5 19. b3 Rab8 20. Bd2 Rb6 21. Rb1 Rfb8 22. Qc2
bxc4 23. dxc4 a5 24. Rfc1 Qd7 25. Qd3 a4 26. b4 cxb4 27. c5 Rb5 28. Bxb4 Nxb4
29. axb4 Rxb4 30. Rxb4 Rxb4 31. c6 Qc7 32. Kh2 Qb6 33. c7 Bc5 34. Qc2 Rb5 35.
Qxa4 Rb2 36. Qa8+ Kg7 37. Ne1 Qxc7 38. Nd3 Rb3 39. Nxc5 Rc3 40. Nxe6+ fxe6 41.
Rb1 Qd7 42. Rb8 Qf7 43. Rb7 Rc7 44. Rxc7 Qxc7 45. Qb7 1-0

[Event "TopJP2GB,Mulhouse-Bois-Colombes"]
[Site "?"]
[Date "2009.12.20"]
[Round "5"]
[White "Viennot, Dylan"]
[Black "Lam-Roques, Kalvin"]
[Result "1-0"]
[WhiteElo "1939"]
[BlackElo "1696"]
[PlyCount "111"]
[EventDate "2009.12.20"]
[SourceDate "2009.12.27"]

1. e4 c5 2. Nf3 d6 3. Bb5+ Bd7 4. Bxd7+ Qxd7 5. O-O Nc6 6. c3 g6 7. d4 cxd4 8.
cxd4 Bg7 9. Nc3 Rc8 10. Be3 Nf6 11. d5 Na5 12. e5 Ng4 13. e6 fxe6 14. Ng5 exd5
15. Qxd5 Qf5 16. Qxf5 gxf5 17. Bxa7 Bxc3 18. bxc3 Ra8 19. Be3 h6 20. Nf3 Nxe3
21. fxe3 e6 22. Rab1 Kd7 23. Rfd1 Rhc8 24. Rb6 Nc4 25. Rxb7+ Rc7 26. Rxc7+ Kxc7
27. Nd4 Kd7 28. Rb1 Rxa2 29. Rb7+ Kc8 30. Re7 Nxe3 31. Rxe6 Rxg2+ 32. Kh1 f4
33. Rxe3 Rxh2+ 34. Kxh2 fxe3 35. Kg3 Kc7 36. Kf3 d5 37. Kxe3 Kd6 38. Nf5+ Kc5
39. Kd3 h5 40. Nh4 Kd6 41. Kd4 Ke6 42. Ng2 Kd6 43. Nf4 h4 44. Nxd5 h3 45. Ne3
h2 46. Nf5+ Ke6 47. Ng3 Kd6 48. c4 Kc6 49. c5 Kc7 50. Kd5 Kd7 51. c6+ Kc7 52.
Kc5 Kc8 53. Kd6 Kd8 54. c7+ Kc8 55. Nh1 Kb7 56. Kd7 1-0

[Event "TopJP2GB,Mulhouse-Bois-Colombes"]
[Site "?"]
[Date "2009.12.20"]
[Round "5"]
[White "Zychowski, Antoine"]
[Black "Messinger, Karl"]
[Result "0-1"]
[WhiteElo "1560"]
[BlackElo "1758"]
[PlyCount "88"]
[EventDate "2009.12.20"]
[SourceDate "2009.12.27"]

1. e4 c5 2. Nf3 Nc6 3. d4 cxd4 4. Nxd4 g6 5. c4 Nf6 6. Nc3 d6 7. Be2 Nxd4 8.
Qxd4 Bg7 9. Be3 O-O 10. Qd2 Be6 11. O-O Rc8 12. b3 Qa5 13. Rac1 Rfe8 14. f4 Bd7
15. Bf3 Bg4 16. Bxg4 Nxg4 17. Bd4 e5 18. Be3 Nxe3 19. Qxe3 exf4 20. Qd3 Bxc3
21. Rxc3 Qe5 22. Rd1 Rcd8 23. Qd4 b6 24. Rcd3 Qxe4 25. Qxe4 Rxe4 26. Rxd6 Rxd6
27. Rxd6 Re2 28. c5 bxc5 29. Ra6 Re7 30. Ra5 Rc7 31. Kf2 Kg7 32. Kf3 g5 33. Kg4
Kg6 34. Ra6+ f6 35. h4 h5+ 36. Kf3 Kf5 37. hxg5 fxg5 38. Rh6 g4+ 39. Kf2 Kg5
40. Rh8 c4 41. Rg8+ Kh4 42. bxc4 Rxc4 43. Rf8 Rc2+ 44. Kg1 Kg3 0-1

[Event "TopJP2GB,Mulhouse-Bois-Colombes"]
[Site "?"]
[Date "2009.12.20"]
[Round "5"]
[White "Devoille, Hugo"]
[Black "Triboulin, Amaury"]
[Result "0-1"]
[WhiteElo "1691"]
[BlackElo "1599"]
[PlyCount "124"]
[EventDate "2009.12.20"]
[SourceDate "2009.12.27"]

1. e4 e5 2. Nf3 Nc6 3. Bb5 d6 4. c3 Bd7 5. O-O Nf6 6. Re1 Be7 7. h3 O-O 8. d3
a6 9. Ba4 b5 10. Bc2 Be6 11. Nbd2 d5 12. Qe2 Bd6 13. Nf1 Re8 14. Ng3 b4 15. Ba4
Bd7 16. Bg5 Ne7 17. Bxd7 Nxd7 18. Bxe7 Rxe7 19. exd5 f6 20. Nf5 Re8 21. Nxd6
cxd6 22. c4 Qc7 23. Nd2 f5 24. Qf3 g6 25. b3 Nf6 26. Qd1 Qc5 27. Rc1 Qd4 28.
Qc2 Rac8 29. Nf3 Qb6 30. Qb2 h6 31. d4 e4 32. Nd2 Nd7 33. f3 exf3 34. Nxf3 Kf7
35. Rxe8 Rxe8 36. Re1 Rxe1+ 37. Nxe1 Nf6 38. Nd3 Ne4 39. Kf1 Ng3+ 40. Kf2 Ne4+
41. Kf3 Qb7 42. Nf2 Qe7 43. Qc2 Ng5+ 44. Kg3 Qe3+ 45. Kh2 Qxd4 46. Kh1 Ne4 47.
Nxe4 fxe4 48. Qe2 Qd3 49. Qf2+ Kg7 50. Qa7+ Kf6 51. Qf2+ Ke5 52. Kg1 e3 53.
Qb2+ Ke4 54. g3 Qd1+ 55. Kg2 Qd2+ 56. Qxd2 exd2 57. Kf2 d1=Q 58. g4 Qf3+ 59.
Kg1 Kf4 60. Kh2 Qf2+ 61. Kh1 Kg3 62. h4 Qg2# 0-1

[Event "TopJP2GB,Mulhouse-Bois-Colombes"]
[Site "?"]
[Date "2009.12.20"]
[Round "5"]
[White "Zychowski, Adrien"]
[Black "Veys, Vincent"]
[Result "0-1"]
[WhiteElo "1500"]
[BlackElo "1662"]
[Annotator "beaucoup d'erreurs=>faux"]
[PlyCount "121"]
[EventDate "2009.12.20"]
[SourceDate "2009.12.27"]

1. e4 e5 2. Nf3 Nc6 3. Bb5 a6 4. Bxc6 dxc6 5. Nc3 Bd6 6. d4 Bg4 7. dxe5 Bxf3 8.
Qxf3 Bxe5 9. O-O Qf6 10. Qh3 Bxc3 11. Qxc3 Qxc3 12. bxc3 Nf6 13. Re1 g6 14. Bh6
Nd7 15. Rad1 O-O-O 16. Bg5 Rde8 17. Bh4 Re5 18. f4 Ra5 19. Ra1 Ra3 20. Re3 Re8
21. Be1 Nc5 22. e5 Ne6 23. g3 Nd4 24. Rd3 Nxc2 25. Rc1 Nxe1 26. Rxe1 Rxa2 27.
Red1 Rc2 28. f5 b6 29. Re1 Ra2 30. h3 Ra5 31. Rde3 Rd5 32. g4 a5 33. e6 f6 34.
c4 Rc5 35. Rc1 b5 36. Rd3 b4 37. Kf2 Rd8 38. Rb3 Re5 39. Ra1 Kb7 40. Kf3 Kb6
41. Rb2 Ra8 42. Kf4 c5 43. h4 a4 44. g5 a3 45. Rba2 Rd8 46. Rc1 Rd4+ 47. Kg3
Re3+ 48. Kf2 Re5 49. Kg3 Rd3+ 50. Kf4 Rde3 51. Kg4 Re2 52. Raa1 a2 53. Rd1 b3
54. Kf3 Kc6 55. gxf6 Rxf5+ 56. Kg4 Rxf6 57. e7 Rxe7 58. Rd2 Re3 59. Rc1 h6 60.
h5 g5 61. Rh2 0-1

[Event "TopJP2GB,Mulhouse-Bois-Colombes"]
[Site "?"]
[Date "2009.12.20"]
[Round "5"]
[White "Casner, Théo"]
[Black "Ariza, Thomas"]
[Result "0-1"]
[WhiteElo "1380"]
[BlackElo "1360"]
[PlyCount "140"]
[EventDate "2009.12.20"]
[SourceDate "2009.12.27"]

1. e4 e5 2. Nf3 d6 3. Bc4 Be7 4. O-O Nf6 5. Re1 O-O 6. Nc3 Bg4 7. h3 Bh5 8. d3
Nc6 9. Bg5 Nd4 10. Re3 Nxf3+ 11. Rxf3 Bxf3 12. Qxf3 c6 13. Qg3 Nh5 14. Bxe7
Qxe7 15. Qf3 Nf4 16. Ne2 Nxe2+ 17. Qxe2 a5 18. a4 Kh8 19. Qf3 Qd7 20. Rd1 f5
21. exf5 Qxf5 22. Qxf5 Rxf5 23. Be6 Rf6 24. Bg4 Raf8 25. Rf1 Rf4 26. b3 d5 27.
g3 R4f6 28. Kg2 b6 29. f3 Rb8 30. Re1 Re8 31. f4 e4 32. dxe4 Rxe4 33. Rxe4 dxe4
34. Kf2 Rf8 35. Ke3 g6 36. Kxe4 Re8+ 37. Kd4 Re7 38. f5 gxf5 39. Bxf5 Kg7 40.
g4 Kf6 41. Be4 c5+ 42. Kd3 h6 43. h4 Re5 44. Bf5 h5 45. Bc8 Rd5+ 46. Kc3 Rd4
47. g5+ Kg7 48. Bb7 Rxh4 49. Ba6 Rh3+ 50. Kc4 Rg3 51. Kb5 h4 52. Kxb6 h3 53.
Kxc5 Rxg5+ 54. Kc4 h2 55. Bb7 Rg4+ 56. Kc3 Kf6 57. Kd3 Ke5 58. c3 Kf4 59. c4
Rg3+ 60. Kc2 Rf3 61. c5 h1=Q 62. Bxf3 Qxf3 63. Kd2 Qc6 64. Kc2 Qxc5+ 65. Kb2
Ke3 66. Kb1 Kd2 67. Ka1 Kc2 68. Ka2 Qg1 69. b4 Qb1+ 70. Ka3 axb4# 0-1

[Event "TopJP2GB,Mulhouse-Bois-Colombes"]
[Site "?"]
[Date "2009.12.20"]
[Round "5"]
[White "Berriat, Diane"]
[Black "Bonnin, Rémi"]
[Result "1/2-1/2"]
[WhiteElo "1280"]
[BlackElo "1099"]
[PlyCount "129"]
[EventDate "2009.12.20"]
[SourceDate "2009.12.27"]

1. e4 e5 2. Nf3 Nc6 3. Bc4 Bb4 4. a3 Ba5 5. b4 Bb6 6. Nc3 d6 7. O-O Nf6 8. d3
O-O 9. Bg5 Bg4 10. Nd5 Nd4 11. Nxf6+ gxf6 12. Bh6 Nxf3+ 13. gxf3 Bh3 14. Bxf8
Bxf1 15. Qxf1 Qxf8 16. Qg2+ Qg7 17. Qxg7+ Kxg7 18. c3 Kg6 19. a4 a5 20. b5 Rg8
21. Kh1 Bxf2 22. Rf1 Bb6 23. f4 Rf8 24. Rf3 exf4 25. Rxf4 Be3 26. Rg4+ Kh5 27.
Rg7 Kh6 28. Rg3 Bd2 29. d4 Re8 30. Rd3 Bxc3 31. Rxc3 Rxe4 32. Rf3 Rxd4 33. Bxf7
Rxa4 34. Rxf6+ Kg7 35. Rf3 Rb4 36. Bd5 Rxb5 37. Rg3+ Kf6 38. Ba2 Rg5 39. Rh3 h5
40. Bb1 Re5 41. Rf3+ Kg5 42. Rf1 d5 43. Rg1+ Kf4 44. Rf1+ Ke3 45. Re1+ Kf4 46.
Rf1+ Kg5 47. Rg1+ Kf6 48. Rg6+ Kf7 49. Rg3 Re1+ 50. Rg1 Rxg1+ 51. Kxg1 Kf6 52.
Kf2 Ke5 53. Ke3 c5 54. Kd3 c4+ 55. Kc3 d4+ 56. Kxc4 a4 57. Bd3 a3 58. Kb3 a2
59. Kxa2 Kd5 60. Kb3 Kc5 61. h3 b5 62. h4 b4 63. Kc2 Kb6 64. Kb2 Ka5 65. Kb3
1/2-1/2

[Event "TopJP2GB,Mulhouse-Bois-Colombes"]
[Site "?"]
[Date "2009.12.20"]
[Round "5"]
[White "Ariza, Thomas"]
[Black "Berriat, Diane"]
[Result "1-0"]
[WhiteElo "1360"]
[BlackElo "1280"]
[PlyCount "85"]
[EventDate "2009.12.20"]
[SourceDate "2009.12.27"]

1. e4 c5 2. Nf3 Nc6 3. Bc4 g6 4. Nc3 Bg7 5. O-O e6 6. d3 Nge7 7. Be3 b6 8. Qd2
Bb7 9. Bh6 O-O 10. Bxg7 Kxg7 11. e5 Qc7 12. Rfe1 d6 13. Nb5 Qd7 14. Nxd6 Nd4
15. Nxd4 cxd4 16. Qf4 Qc6 17. f3 f5 18. Bxe6 h6 19. Qxd4 Rad8 20. Qc4 Qxc4 21.
Bxc4 Nc6 22. Nxb7 Rd7 23. Nd6 Nd4 24. Rac1 Rfd8 25. c3 Nc6 26. Bb5 Rc7 27. Bxc6
Rxc6 28. d4 b5 29. Nxb5 Rb6 30. c4 a6 31. Nd6 Rxb2 32. c5 Rd7 33. c6 Rc7 34.
Ne8+ Kh7 35. Nxc7 Rxa2 36. Ne6 a5 37. c7 h5 38. Ng5+ Kh6 39. f4 h4 40. c8=Q Kh5
41. h3 Rxg2+ 42. Kxg2 Kh6 43. Qh8# 1-0